[Event "58th Hastings it"]
[Site "Hastings ENG"]
[Date "1983.01.02"]
[Round "5"]
[White "Ftacnik, Lubomir"]
[WhiteTitle "GM"]
[WhiteElo "2535"]
[Black "Henley, Ron"]
[BlackTitle "IM"]
[BlackElo "2525"]
[Result "1-0"]
[PlyCount "105"]
[EventDate "1982.12.28"]

1. d4 f5 2. Nf3 Nf6 3. g3 g6 4. Bg2 Bg7 5. O-O d6 6. b3 O-O 7. Bb2 Ne4 8. c4 Nc6 9. Nbd2 Nxd2 10. Qxd2 e5 11. dxe5 dxe5 12. Qd5+ Kh8 13. Qxd8 Rxd8 14. Ng5 Rd2 15. Bc3 Rc2 16. Rac1 Rxc1 17. Rxc1 e4 18. f3 Nd4 19. Kf2 h6 20. Rd1 c5 21. e3 hxg5 22. exd4 exf3 23. Bxf3 Rb8 24. Rd3 g4 25. Bg2 cxd4 26. Bxd4 Be6 27. Be3 b6 28. Rd6 Re8 29. Bc6 Be5 30. Bxe8 Bxd6 31. Bxg6 Kg7 32. Be8 Kf6 33. Bc6 Bc5 34. Ke2 a5 35. Kd3 Ke5 36. Bf4+ Kf6 37. Bd5 Bd7 38. Be3 Ke5 39. Bf4+ Kf6 40. Be3 Ke5 41. a3 Be8 42. b4 Bxe3 43. Kxe3 a4 44. Bb7 Bf7 45. c5 bxc5 46. bxc5 Ba2 47. Bc6 Bb3 48. Bd7 Bc2 49. c6 Kd6 50. Kf4 Be4 51. Bxf5 Bxc6 52. Bxg4 Kc5 53. h4 {Source: Informator 35/140} 1-0

[Event "58th Hastings it"]
[Site "Hastings ENG"]
[Date "1983.01.02"]
[Round "5"]
[White "Hebden, Mark"]
[WhiteElo "2415"]
[Black "Kovacevic, Vlatko"]
[BlackTitle "GM"]
[BlackElo "2560"]
[Result "1/2-1/2"]
[PlyCount "111"]
[EventDate "1982.12.28"]

1. e4 e6 2. Nc3 d5 3. d4 Nf6 4. Bg5 Be7 5. e5 Nfd7 6. Bxe7 Qxe7 7. f4 a6 8. Nf3 c5 9. dxc5 Nc6 10. Qd2 Qxc5 11. Bd3 Nb6 12. a3 Nc4 13. Bxc4 Qxc4 14. O-O-O Bd7 15. Rhe1 O-O 16. Qe3 a5 17. Nd4 Ne7 18. f5 exf5 19. e6 fxe6 20. Nxe6 d4 21. Rxd4 Qxe6 22. Qd2 Qc6 23. Rxe7 Be8 24. Nd5 Bf7 25. Nc7 Rac8 26. Rdd7 Qf6 27. Qxa5 Qh6+ 28. Qd2 Qxh2 29. b3 Qg3 30. Kb2 h6 31. Qd4 Qxg2 32. Rxf7 Rxf7 33. Rxf7 Kxf7 34. Qd7+ Kg6 35. Qxc8 Qc6 36. a4 h5 37. b4 h4 38. b5 Qe4 39. Qe6+ Qxe6 40. Nxe6 Kf6 41. Nf4 g5 42. Ne2 h3 43. a5 h2 44. Ng3 f4 45. Nh1 g4 46. a6 g3 47. axb7 g2 48. b8=Q gxh1=Q 49. Qxf4+ Ke6 50. Qh6+ Ke5 51. Qg7+ Kd6 52. b6 Qc6 53. Qh6+ Kc5 54. Qxh2 Qxb6+ 55. Kc1 Qb4 56. Qe5+ {Sources: CHESS, January 1983, Vol.47/891-2, p234; (moves 1-39) BCM, March 1983, p84} 1/2-1/2

[Event "58th Hastings it"]
[Site "Hastings ENG"]
[Date "1983.01.02"]
[Round "5"]
[White "Littlewood, Paul Edwin"]
[WhiteTitle "IM"]
[WhiteElo "2465"]
[Black "Gurevich, Dmitry"]
[BlackTitle "IM"]
[BlackElo "2510"]
[Result "1/2-1/2"]
[PlyCount "71"]
[EventDate "1982.12.28"]

1. d4 Nf6 2. c4 e6 3. Nf3 c5 4. e3 d5 5. Nc3 Nc6 6. cxd5 exd5 7. Be2 a6 8. O-O Bd6 9. dxc5 Bxc5 10. b3 O-O 11. Bb2 Ba7 12. Na4 Ne4 13. Ba3 Re8 14. Rc1 Bg4 15. Bc5 Nxc5 16. Nxc5 Qe7 17. Na4 Rad8 18. Nc3 d4 19. exd4 Nxd4 20. Nxd4 Rxd4 21. Qc2 Qg5 22. Rcd1 Bf5 23. Qc1 Qxc1 24. Rxc1 Rd2 25. Bf3 b5 26. a4 Bd3 27. Ne4 Rc2 28. Rxc2 Bxc2 29. Rc1 Bxb3 30. axb5 a5 31. Rc7 Bb8 32. Rc3 a4 33. g3 Be5 34. Re3 Rb8 35. Nd2 Rxb5 36. Be2 1/2-1/2

[Event "58th Hastings it"]
[Site "Hastings ENG"]
[Date "1983.01.02"]
[Round "5"]
[White "Tukmakov, Vladimir"]
[WhiteTitle "GM"]
[WhiteElo "2555"]
[Black "Murey, Yaacov"]
[BlackTitle "IM"]
[BlackElo "2500"]
[Result "1/2-1/2"]
[PlyCount "81"]
[EventDate "1982.12.28"]

1. d4 Nf6 2. c4 g6 3. Nc3 Bg7 4. e4 d6 5. Be2 O-O 6. Bg5 c5 7. d5 h6 8. Bf4 Qb6 9. Qc2 e5 10. Bd2 Na6 11. a3 Bd7 12. Nf3 Nc7 13. O-O a5 14. b3 Qa7 15. Rab1 Rfb8 16. Rfc1 b6 17. Nb5 Nxb5 18. cxb5 a4 19. b4 Rc8 20. bxc5 Rxc5 21. Qd3 Rac8 22. Be3 Rxc1+ 23. Rxc1 Rxc1+ 24. Bxc1 Qc7 25. Bd2 Ne8 26. h3 Qc8 27. Be3 f5 28. Bxb6 Nf6 29. Nd2 Qc1+ 30. Kh2 Qb2 31. Ba5 fxe4 32. Nxe4 Nxe4 33. Qxe4 Bxb5 34. Bxb5 Qxb5 35. Bb4 Qb6 36. Kg1 Kh7 37. h4 h5 38. g4 Qd4 39. Qxd4 exd4 40. Bxd6 hxg4 41. Kf1 {Source: Informator 35/686} 1/2-1/2

[Event "58th Hastings it"]
[Site "Hastings ENG"]
[Date "1983.01.03"]
[Round "6"]
[White "Henley, Ron"]
[WhiteTitle "IM"]
[WhiteElo "2525"]
[Black "Farago, Ivan"]
[BlackTitle "GM"]
[BlackElo "2490"]
[Result "1-0"]
[PlyCount "61"]
[EventDate "1982.12.28"]

1. d4 Nf6 2. c4 e6 3. Nc3 Bb4 4. e3 O-O 5. Nge2 d5 6. a3 Be7 7. cxd5 exd5 8. g3 c6 9. Bg2 a5 10. O-O Na6 11. h3 Nc7 12. g4 Nfe8 13. Ng3 Nd6 14. f4 f5 15. b3 Nce8 16. Ra2 Nf6 17. Bf3 Nde4 18. Ncxe4 dxe4 19. Bh1 Nd5 20. Rg2 Kh8 21. gxf5 Bxf5 22. Rh2 Qd7 23. Bxe4 Bxe4 24. Nxe4 Rfe8 25. Qf3 Bf6 26. Nf2 Nc3 27. Bd2 Bxd4 28. Ng4 Nb5 29. exd4 Nxd4 30. Qd1 Rad8 31. Bxa5 1-0

[Event "58th Hastings it"]
[Site "Hastings ENG"]
[Date "1983.01.03"]
[Round "6"]
[White "Kovacevic, Vlatko"]
[WhiteTitle "GM"]
[WhiteElo "2560"]
[Black "Vaganian, Rafael"]
[BlackTitle "GM"]
[BlackElo "2550"]
[Result "0-1"]
[PlyCount "134"]
[EventDate "1982.12.28"]

1. d4 e6 2. Nf3 d5 3. Bf4 Bd6 4. e3 Bxf4 5. exf4 Qd6 6. Qd2 Nf6 7. Nc3 a6 8. Bd3 b6 9. O-O O-O 10. Rfe1 c5 11. Ne5 Nc6 12. Nxc6 Qxc6 13. Qe3 Bb7 14. Rad1 Rfe8 15. a3 Ng4 16. Qh3 f5 17. Nb1 Qd6 18. g3 Bc6 19. c3 Bb5 20. Qf1 Bxd3 21. Qxd3 c4 22. Qc2 b5 23. Nd2 a5 24. Ra1 Nf6 25. Nf3 Ra6 26. Ne5 Nd7 27. Nxd7 Qxd7 28. Re5 Rea8 29. Rae1 g6 30. h3 h5 31. g4 hxg4 32. hxg4 Kf7 33. Qe2 Rh8 34. f3 Rh6 35. Kg2 Qc8 36. Kg3 Qh8 37. Qg2 Qh7 38. R5e2 Rd6 39. Qf1 Rb6 40. Qg2 Ke7 41. g5 Rh4 42. Ra1 Kd7 43. Rae1 Rc6 44. Qf1 Qh5 45. Rb1 Rc8 46. Kf2 Rxf4 47. Qg2 Rh8 48. Qg3 Qh2+ 49. Qxh2 Rxh2+ 50. Kg3 Rxe2 51. Kxf4 Kd6 52. b3 b4 53. cxb4 c3 54. bxa5 c2 55. Rc1 Kc6 56. b4 e5+ 57. dxe5 d4 58. a4 d3 59. b5+ Kb7 60. a6+ Ka7 61. Rh1 Rh2 62. Rc1 d2 63. Rxc2 Rh4+ 64. Kg3 d1=Q 65. Rc7+ Kb8 66. Rb7+ Kc8 67. Kxh4 Qxf3 {Source: bulletin} 0-1

[Event "58th Hastings it"]
[Site "Hastings ENG"]
[Date "1983.01.03"]
[Round "6"]
[White "Mestel, Andrew Jonathan"]
[WhiteTitle "IM"]
[WhiteElo "2540"]
[Black "Ftacnik, Lubomir"]
[BlackTitle "GM"]
[BlackElo "2535"]
[Result "0-1"]
[PlyCount "54"]
[EventDate "1982.12.28"]

1. e4 c5 2. Nf3 d6 3. d4 Nf6 4. Nc3 cxd4 5. Nxd4 a6 6. Be2 e6 7. O-O Be7 8. f4 O-O 9. Kh1 Qc7 10. Qe1 b5 11. Bf3 Bb7 12. e5 Ne8 13. Qg3 Nd7 14. f5 dxe5 15. fxe6 fxe6 16. Nxe6 Qc4 17. Bf4 exf4 18. Qh3 Bxf3 19. Nxf8 Bxf8 20. Qxf3 Rc8 21. Nd5 Nef6 22. Nxf4 Qxc2 23. Rad1 Ne5 24. Qe3 Nfg4 25. Qd4 Qc4 26. Qb6 Rc6 27. Qd8 Rd6 {Sources: BCM, April 1983, p150 (annotated by Hartston); Informator 35/325} 0-1

[Event "58th Hastings it"]
[Site "Hastings ENG"]
[Date "1983.01.03"]
[Round "6"]
[White "Murey, Yaacov"]
[WhiteTitle "IM"]
[WhiteElo "2500"]
[Black "Lein, Anatoly"]
[BlackTitle "GM"]
[BlackElo "2480"]
[Result "1/2-1/2"]
[PlyCount "116"]
[EventDate "1982.12.28"]

1. c4 e5 2. Nf3 e4 3. Nd4 Nc6 4. Nxc6 dxc6 5. Nc3 f5 6. d3 Bb4 7. Qb3 Qe7 8. Bd2 Bc5 9. e3 exd3 10. Bxd3 Nf6 11. Na4 Bd6 12. Qc2 Qe6 13. f3 c5 14. O-O-O Bd7 15. h3 O-O-O 16. g4 g6 17. Nc3 Kb8 18. Rhg1 Rhf8 19. Ne2 Be5 20. f4 Bd6 21. gxf5 gxf5 22. Ng3 Ng8 23. e4 Qf7 24. e5 Be7 25. Bc3 Nh6 26. Qe2 Rg8 27. Nh5 Rxg1 28. Rxg1 Rg8 29. Rd1 Be6 30. b3 Rg6 31. Qf2 Ng8 32. Be2 Rh6 33. Qf3 a6 34. Rh1 Bh4 35. Be1 Bxe1 36. Rxe1 Ne7 37. Rg1 Rg6 38. Qf2 b6 39. Bf3 Bxc4 40. Rxg6 hxg6 41. Nf6 Be6 42. Qd2 Kc8 43. Be2 a5 44. Qd3 Ng8 45. Qa6+ Kd8 46. Qa8+ Ke7 47. Nxg8+ Qxg8 48. Qg2 Bd5 49. Qg5+ Kd7 50. Bb5+ c6 51. Ba6 Kc7 52. h4 Qf7 53. Qh6 Be6 54. Qh8 Qg8 55. Qxg8 Bxg8 56. Bc4 Bd5 57. a4 Kd7 58. Kc2 Ke7 1/2-1/2

[Event "58th Hastings it"]
[Site "Hastings ENG"]
[Date "1983.01.03"]
[Round "6"]
[White "Plaskett, Harold James"]
[WhiteTitle "IM"]
[WhiteElo "2430"]
[Black "Short, Nigel David"]
[BlackTitle "IM"]
[BlackElo "2485"]
[Result "1-0"]
[PlyCount "61"]
[EventDate "1982.12.28"]

1. d4 Nf6 2. c4 e6 3. Nf3 Bb4+ 4. Bd2 a5 5. g3 Nc6 6. Bg2 d5 7. a3 Bxd2+ 8. Nbxd2 O-O 9. O-O Qe7 10. Qc2 Rd8 11. Rad1 e5 12. dxe5 Nxe5 13. Nxe5 Qxe5 14. Nf3 Bf5 15. Qb3 Qxe2 16. Nd4 Qh5 17. Nxf5 Qxf5 18. Qxb7 Qc2 19. Rc1 Qd2 20. cxd5 Rab8 21. Qxc7 Nxd5 22. Qc5 Nf6 23. Rc2 Qd3 24. Rc3 Qa6 25. b3 h6 26. Rfc1 Rd2 27. h3 Rb2 28. Qf5 g6 29. Qf4 R8xb3 30. Rc6 Nh5 31. Qxh6 {Sources: CHESS, January 1983, Vol.47/891-2, p235; BCM, March 1983, p89} 1-0

[Event "58th Hastings it"]
[Site "Hastings ENG"]
[Date "1983.01.04"]
[Round "7"]
[White "Farago, Ivan"]
[WhiteTitle "GM"]
[WhiteElo "2490"]
[Black "Mestel, Andrew Jonathan"]
[BlackTitle "IM"]
[BlackElo "2540"]
[Result "0-1"]
[PlyCount "80"]
[EventDate "1982.12.28"]

1. d4 g6 2. c4 Bg7 3. Nc3 d6 4. e4 Nf6 5. Be2 O-O 6. Nf3 Nbd7 7. O-O e5 8. Re1 c6 9. Bf1 Qe7 10. Rb1 a5 11. d5 Ne8 12. dxc6 bxc6 13. a3 Nc7 14. b4 axb4 15. axb4 Ne6 16. Nd2 f5 17. Nb3 Nf6 18. exf5 gxf5 19. b5 Bb7 20. h3 Kh8 21. bxc6 Bxc6 22. Nb5 Ne4 23. f3 Bxb5 24. fxe4 Ba4 25. Be3 f4 26. Bf2 f3 27. gxf3 Rab8 28. Qd3 Nf4 29. Qc3 Qg5+ 30. Kh2 Qh5 31. Nd4 exd4 32. Bxd4 Be5 33. c5 Ne6+ 34. Bxe5+ Qxe5+ 35. Qxe5+ dxe5 36. Rxb8 Rxb8 37. Bc4 Nxc5 38. Rg1 Bb3 39. Bxb3 Rxb3 40. Rg5 Nd3 {Source: Tournament Chess, Vol.9, p65} 0-1

[Event "58th Hastings it"]
[Site "Hastings ENG"]
[Date "1983.01.04"]
[Round "7"]
[White "Ftacnik, Lubomir"]
[WhiteTitle "GM"]
[WhiteElo "2535"]
[Black "Plaskett, Harold James"]
[BlackTitle "IM"]
[BlackElo "2430"]
[Result "1-0"]
[PlyCount "41"]
[EventDate "1982.12.28"]

1. d4 Nf6 2. Nf3 b6 3. c4 Bb7 4. Nc3 e6 5. a3 g6 6. d5 Bg7 7. g3 O-O 8. Bg2 exd5 9. cxd5 c5 10. O-O d6 11. e4 b5 12. e5 dxe5 13. Nxe5 Nxd5 14. f4 Bxe5 15. fxe5 Nxc3 16. Qxd8 Ne2+ 17. Kf2 Bxg2 18. Qd6 Nxc1 19. Kxg2 Nb3 20. e6 Nxa1 21. exf7+ {Sources: CHESS, January 1983, Vol.47/891-2, p236; BCM, March 1983, p86; Informator 35/602} 1-0

[Event "58th Hastings it"]
[Site "Hastings ENG"]
[Date "1983.01.04"]
[Round "7"]
[White "Littlewood, Paul Edwin"]
[WhiteTitle "IM"]
[WhiteElo "2465"]
[Black "Kovacevic, Vlatko"]
[BlackTitle "GM"]
[BlackElo "2560"]
[Result "1-0"]
[PlyCount "105"]
[EventDate "1982.12.28"]

1. Nf3 d5 2. g3 c6 3. Bg2 Bg4 4. c4 Nd7 5. cxd5 cxd5 6. Qa4 Ngf6 7. Nc3 e6 8. Ne5 Bf5 9. g4 Bc2 10. Qxc2 Nxe5 11. g5 Nfd7 12. d4 Nc6 13. Be3 Rc8 14. h4 Nb6 15. Rd1 Bd6 16. Kf1 a6 17. Bc1 f5 18. gxf6 Qxf6 19. e4 Nxd4 20. Qd3 Nb5 21. exd5 Nxc3 22. Bg5 Qf5 23. dxe6 Qxd3+ 24. Rxd3 Nb5 25. Bxb7 Rc2 26. Bxa6 O-O 27. Bxb5 Rfxf2+ 28. Ke1 Rce2+ 29. Kd1 Rxe6 30. Rd2 Rf8 31. Re2 Be5 32. Kc2 h6 33. Bd2 Rc8+ 34. Kb1 Rc5 35. a4 Kf7 36. Rhe1 Rd5 37. Bf4 Kf6 38. Ka2 g5 39. hxg5+ hxg5 40. Bxe5+ Rdxe5 41. Rxe5 Rxe5 42. Rxe5 Kxe5 43. a5 Nc8 44. Be2 Na7 45. Kb3 Nc6 46. Bf3 Nd4+ 47. Kc4 Nxf3 48. a6 g4 49. a7 g3 50. a8=Q g2 51. Qxf3 g1=Q 52. Qd5+ Kf6 53. Qd4+ {Sources: Informator 35/12; (moves 38-end) BCM, March 1983, p87} 1-0

[Event "58th Hastings it"]
[Site "Hastings ENG"]
[Date "1983.01.04"]
[Round "7"]
[White "Short, Nigel David"]
[WhiteTitle "IM"]
[WhiteElo "2485"]
[Black "Murey, Yaacov"]
[BlackTitle "IM"]
[BlackElo "2500"]
[Result "1/2-1/2"]
[PlyCount "111"]
[EventDate "1982.12.28"]

1. e4 e5 2. Nf3 Nf6 3. d4 exd4 4. e5 Ne4 5. Qxd4 d5 6. exd6 Nxd6 7. Bd3 Nc6 8. Qf4 g6 9. O-O Bg7 10. Nc3 O-O 11. Be3 Be6 12. Rad1 Qf6 13. Qxf6 Bxf6 14. Ng5 Nb4 15. Nxe6 fxe6 16. Bc5 Nxd3 17. Rxd3 Rfd8 18. Re1 b6 19. Bd4 Bxd4 20. Rxd4 Re8 21. f3 Kf7 22. Kf2 a6 23. h4 Rad8 24. Ra4 a5 25. Rf4+ Kg7 26. Rd4 Kf7 27. g4 h6 28. a4 c5 29. Rdd1 Nc4 30. b3 Na3 31. Rxd8 Rxd8 32. Re2 c4 33. Ke3 Rc8 34. Kd2 Rc5 35. Ne4 cxb3 36. cxb3 Rc2+ 37. Kd1 Rxe2 38. Kxe2 Nc2 39. Nd2 h5 40. Kd3 Nb4+ 41. Ke4 Nd5 42. Nc4 g5 43. hxg5 h4 44. f4 h3 45. Ne5+ Ke7 46. Nf3 Nb4 47. f5 Nc6 48. Nh2 Kf7 49. Kf4 Nd4 50. Nf3 Kf8 51. Kg3 h2 52. Nxh2 exf5 53. Nf3 f4+ 54. Kxf4 Nxb3 55. Ne5 Nc5 56. Nc4 1/2-1/2

[Event "58th Hastings it"]
[Site "Hastings ENG"]
[Date "1983.01.04"]
[Round "7"]
[White "Tukmakov, Vladimir"]
[WhiteTitle "GM"]
[WhiteElo "2555"]
[Black "Hebden, Mark"]
[BlackElo "2415"]
[Result "1/2-1/2"]
[PlyCount "89"]
[EventDate "1982.12.28"]

1. c4 e5 2. Nc3 Nc6 3. Nf3 Nf6 4. g3 Nd4 5. Bg2 Nxf3+ 6. Bxf3 Bb4 7. Qb3 Bc5 8. d3 O-O 9. Na4 Be7 10. O-O Re8 11. Rd1 d6 12. Nc3 Bf8 13. Qc2 c6 14. Bg5 h6 15. Bxf6 Qxf6 16. b4 a6 17. a4 Be6 18. Rab1 Rac8 19. Qa2 Qd8 20. a5 f5 21. Na4 Qf6 22. Nb6 Rc7 23. Qb2 Rd8 24. Rbc1 Rf7 25. b5 d5 26. bxc6 bxc6 27. cxd5 Bxd5 28. Bxd5 cxd5 29. Qa2 Qd6 30. Rc3 f4 31. Rdc1 Kh7 32. Rc8 Rxc8 33. Rxc8 fxg3 34. hxg3 Qb4 35. e3 Qe1+ 36. Kg2 h5 37. Nxd5 h4 38. Nf4 Rf6 39. Qd5 exf4 40. Qh5+ Kg8 41. Qd5+ Kh8 42. Qh5+ Kg8 43. Qd5+ Kh7 44. Qh5+ Kg8 45. Qd5+ 1/2-1/2

[Event "58th Hastings it"]
[Site "Hastings ENG"]
[Date "1983.01.04"]
[Round "7"]
[White "Vaganian, Rafael"]
[WhiteTitle "GM"]
[WhiteElo "2550"]
[Black "Henley, Ron"]
[BlackTitle "IM"]
[BlackElo "2525"]
[Result "1-0"]
[PlyCount "73"]
[EventDate "1982.12.28"]

1. d4 Nc6 2. Bg5 h6 3. Bh4 g5 4. Bg3 Bg7 5. e3 Nf6 6. Nc3 d6 7. h4 Bf5 8. Bb5 a6 9. Ba4 e6 10. Qe2 Nd7 11. O-O-O Qe7 12. hxg5 hxg5 13. Rxh8+ Bxh8 14. Bxc6 bxc6 15. Qf3 Nb8 16. Nge2 g4 17. Qf4 Nd7 18. Rh1 O-O-O 19. Bh4 Bf6 20. Bxf6 Qxf6 21. Ng3 Bg6 22. Nce2 Rh8 23. Rxh8+ Qxh8 24. Qxg4 Qh7 25. Nf4 Bxc2 26. Qe2 Bb1 27. e4 Bxa2 28. Qxa6+ Kd8 29. Qxa2 Qh6 30. Nge2 c5 31. Kc2 cxd4 32. Qa8+ Ke7 33. Nd5+ exd5 34. Nxd4 Qf4 35. Nf5+ Kf6 36. Qh8+ Ke6 37. Ng7+ {Source: BCM, March 1983, p84} 1-0

[Event "58th Hastings it"]
[Site "Hastings ENG"]
[Date "1983.01.05"]
[Round "8"]
[White "Gurevich, Dmitry"]
[WhiteTitle "IM"]
[WhiteElo "2510"]
[Black "Short, Nigel David"]
[BlackTitle "IM"]
[BlackElo "2485"]
[Result "1-0"]
[PlyCount "53"]
[EventDate "1982.12.28"]

1. d4 c5 2. d5 e5 3. e4 d6 4. f4 exf4 5. Bxf4 Ne7 6. Bb5+ Bd7 7. Bxd7+ Nxd7 8. Bxd6 Qb6 9. Bg3 Qxb2 10. Nd2 Ng6 11. Ngf3 c4 12. O-O Bc5+ 13. Kh1 Qc3 14. e5 O-O 15. Ne4 Qa3 16. Nfg5 Ndxe5 17. Bxe5 Nxe5 18. Nxh7 Kxh7 19. Qh5+ Kg8 20. Ng5 Rfe8 21. Rxf7 Nxf7 22. Qxf7+ Kh8 23. Qh5+ Kg8 24. Rf1 Bf2 25. Qf7+ Kh8 26. Qxf2 Qa6 27. d6 {Sources: CHESS, January 1983, Vol.47/891-2, p238; BCM, March 1983, p86; Informator 35/84} 1-0

[Event "58th Hastings it"]
[Site "Hastings ENG"]
[Date "1983.01.05"]
[Round "8"]
[White "Hebden, Mark"]
[WhiteElo "2415"]
[Black "Lein, Anatoly"]
[BlackTitle "GM"]
[BlackElo "2480"]
[Result "1-0"]
[PlyCount "57"]
[EventDate "1982.12.28"]

1. e4 c5 2. f4 g6 3. Nf3 Bg7 4. g3 d6 5. Nc3 Nc6 6. d3 Rb8 7. Bg2 b5 8. O-O b4 9. Nd5 Nf6 10. Nxf6+ Bxf6 11. a3 a5 12. axb4 axb4 13. h3 O-O 14. g4 Qb6 15. Kh1 Bd7 16. Nd2 Na5 17. f5 Bb5 18. g5 Bh8 19. f6 exf6 20. gxf6 Rfe8 21. Nf3 c4 22. Qd2 cxd3 23. Qh6 Re5 24. Ng5 Rxg5 25. Bxg5 dxc2 26. Rf4 Be2 27. Rh4 Bh5 28. e5 d5 29. Be3 {Source: CHESS, January 1983, Vol.47/891-2, p238} 1-0

[Event "58th Hastings it"]
[Site "Hastings ENG"]
[Date "1983.01.05"]
[Round "8"]
[White "Kovacevic, Vlatko"]
[WhiteTitle "GM"]
[WhiteElo "2560"]
[Black "Henley, Ron"]
[BlackTitle "IM"]
[BlackElo "2525"]
[Result "1-0"]
[PlyCount "85"]
[EventDate "1982.12.28"]

1. d4 c5 2. e3 Nf6 3. Nf3 e6 4. Bd3 b6 5. O-O Bb7 6. Nbd2 Nc6 7. Re1 Qc7 8. c4 Be7 9. b3 O-O 10. Bb2 Nb4 11. Bb1 d5 12. a3 Nc6 13. Ba2 Rad8 14. Rc1 cxd4 15. exd4 Qf4 16. c5 bxc5 17. dxc5 a5 18. Ne5 Ne4 19. Ndf3 f6 20. Nd3 Qb8 21. Nd4 Nxd4 22. Bxd4 e5 23. Ba1 Ba6 24. b4 Kh8 25. f3 axb4 26. axb4 Ng5 27. Rb1 e4 28. Nf2 Rfe8 29. Bxd5 exf3 30. Qb3 Be2 31. Bc6 Qf4 32. Bb2 Rd3 33. Bc1 Qd4 34. Qb2 Bxc5 35. bxc5 Rc8 36. Qxd4 Rxd4 37. Bxg5 fxg5 38. Bxf3 Bxf3 39. gxf3 h5 40. Re5 Rc4 41. Ne4 g4 42. Rxh5+ Kg8 43. Rh4 1-0

[Event "58th Hastings it"]
[Site "Hastings ENG"]
[Date "1983.01.05"]
[Round "8"]
[White "Littlewood, Paul Edwin"]
[WhiteTitle "IM"]
[WhiteElo "2465"]
[Black "Tukmakov, Vladimir"]
[BlackTitle "GM"]
[BlackElo "2555"]
[Result "0-1"]
[PlyCount "76"]
[EventDate "1982.12.28"]

1. Nf3 Nf6 2. g3 g6 3. Bg2 Bg7 4. c4 O-O 5. d4 d6 6. O-O c6 7. Nc3 Qa5 8. h3 Be6 9. d5 cxd5 10. Nd4 Bd7 11. cxd5 Rc8 12. Be3 Be8 13. g4 Na6 14. Nb3 Qd8 15. Bd4 Nd7 16. Bxg7 Kxg7 17. Kh1 Qb6 18. Rb1 Ne5 19. e4 Rc7 20. g5 Bd7 21. f4 Nc4 22. Qe1 Nb4 23. Qh4 Kh8 24. f5 Ne5 25. Qh6 Rg8 26. Rf4 gxf5 27. exf5 Nbd3 28. g6 Rg7 29. Rbf1 Nxf4 30. Qxf4 fxg6 31. fxg6 Nxg6 32. Qh6 Rc8 33. Be4 Rcg8 34. Ne2 Bb5 35. Nbd4 Bxe2 36. Nxe2 Qxb2 37. Ng3 Qe5 38. Qe3 Nh4 0-1

[Event "58th Hastings it"]
[Site "Hastings ENG"]
[Date "1983.01.05"]
[Round "8"]
[White "Murey, Yaacov"]
[WhiteTitle "IM"]
[WhiteElo "2500"]
[Black "Ftacnik, Lubomir"]
[BlackTitle "GM"]
[BlackElo "2535"]
[Result "1-0"]
[PlyCount "147"]
[EventDate "1982.12.28"]

1. e4 c5 2. Nf3 d6 3. d4 Nf6 4. Nc3 cxd4 5. Nxd4 a6 6. Bg5 e6 7. f4 Qb6 8. a3 Nc6 9. Nb3 Be7 10. Qf3 h6 11. Bh4 g5 12. Bf2 Qc7 13. g3 b5 14. O-O-O Bb7 15. Bh3 Rc8 16. Rhe1 Rg8 17. Qe2 g4 18. Bg2 b4 19. Nd5 exd5 20. exd5 Nb8 21. axb4 Kf8 22. Kb1 Bd8 23. Na5 Qd7 24. Nc4 Bc7 25. Qd2 Qf5 26. Bd4 Nbd7 27. Ne3 Qg6 28. h3 h5 29. hxg4 hxg4 30. Rh1 Ne4 31. Bxe4 Qxe4 32. Qh2 Qg6 33. f5 Qg5 34. Nxg4 Bxd5 35. Nh6 Bxh1 36. Rxh1 Ke7 37. Qe2+ Ne5 38. Nxg8+ Rxg8 39. Bxe5 dxe5 40. Qxa6 Qxf5 41. Rf1 Qe6 42. Qa3 Rg6 43. Rd1 e4 44. b5+ Kf6 45. Qf8 Rxg3 46. Rf1+ Rf3 47. Rh1 Bf4 48. b6 e3 49. Qd8+ Qe7 50. Qh8+ Ke6 51. Qc8+ Qd7 52. b7 e2 53. Ka2 Rf1 54. Rh6+ Bxh6 55. b8=Q Qxc8 56. Qxc8+ Ke7 57. Qc5+ Kf6 58. Qd4+ Kg6 59. Qe4+ f5 60. Qxe2 Rf4 61. Qe6+ Kg5 62. b4 Bg7 63. Qg8 Kg6 64. c4 Rf2+ 65. Kb3 f4 66. c5 f3 67. Qe8+ Kh7 68. Qe4+ Kg8 69. c6 Rb2+ 70. Ka3 f2 71. c7 f1=Q 72. c8=Q+ Qf8 73. Qee6+ Kh7 74. Qxf8 {Sources: bulletin; Informator 35/354} 1-0

[Event "58th Hastings it"]
[Site "Hastings ENG"]
[Date "1983.01.05"]
[Round "8"]
[White "Plaskett, Harold James"]
[WhiteTitle "IM"]
[WhiteElo "2430"]
[Black "Farago, Ivan"]
[BlackTitle "GM"]
[BlackElo "2490"]
[Result "0-1"]
[PlyCount "68"]
[EventDate "1982.12.28"]

1. d4 Nf6 2. c4 e6 3. Nf3 b6 4. a3 Ba6 5. Qc2 Bb7 6. Nc3 c5 7. d5 exd5 8. cxd5 Nxd5 9. Nxd5 Bxd5 10. e4 Be6 11. Bf4 Be7 12. O-O-O O-O 13. h4 Nc6 14. Ba6 Na5 15. Qc3 d6 16. h5 h6 17. g4 b5 18. Bxb5 Rb8 19. a4 a6 20. g5 axb5 21. gxh6 Bf6 22. Ne5 Nb3+ 23. Kb1 Qa5 24. hxg7 Qxc3 25. gxf8=Q+ Kxf8 26. Nd7+ Bxd7 27. bxc3 Rb7 28. Rxd6 Bh8 29. Rh6 Bxc3 30. Kc2 Bg7 31. Rg1 Nd4+ 32. Kd1 Be6 33. Bd6+ Kg8 34. Be5 Bb3+ {Source: Informator 35/595} 0-1

[Event "58th Hastings it"]
[Site "Hastings ENG"]
[Date "1983.01.07"]
[Round "9"]
[White "Farago, Ivan"]
[WhiteTitle "GM"]
[WhiteElo "2490"]
[Black "Murey, Yaacov"]
[BlackTitle "IM"]
[BlackElo "2500"]
[Result "1/2-1/2"]
[PlyCount "55"]
[EventDate "1982.12.28"]

1. d4 Nf6 2. c4 g6 3. Nc3 Bg7 4. e4 d6 5. Be2 O-O 6. Nf3 e5 7. O-O Nc6 8. d5 Ne7 9. Nd2 c6 10. dxc6 bxc6 11. b4 Ne8 12. b5 Nc7 13. bxc6 Nxc6 14. Nb3 Nd4 15. Ba3 Ba6 16. Bd3 Rc8 17. Nxd4 exd4 18. Nb5 Nxb5 19. cxb5 Bb7 20. Qa4 Rc3 21. Rad1 Qa8 22. f3 a6 23. bxa6 Rxd3 24. Rxd3 Bxa6 25. Rfd1 Bxd3 26. Qxa8 Rxa8 27. Rxd3 f5 28. Bxd6 1/2-1/2

[Event "58th Hastings it"]
[Site "Hastings ENG"]
[Date "1983.01.07"]
[Round "9"]
[White "Henley, Ron"]
[WhiteTitle "IM"]
[WhiteElo "2525"]
[Black "Mestel, Andrew Jonathan"]
[BlackTitle "IM"]
[BlackElo "2540"]
[Result "1/2-1/2"]
[PlyCount "81"]
[EventDate "1982.12.28"]

1. d4 g6 2. c4 Bg7 3. Nc3 d6 4. Nf3 Nd7 5. g3 e5 6. Bg2 Ne7 7. O-O O-O 8. dxe5 dxe5 9. Qc2 Nf5 10. Rd1 Nd4 11. Nxd4 exd4 12. Nb5 Nc5 13. Qd2 Ne6 14. e3 c5 15. exd4 Nxd4 16. Nxd4 Bxd4 17. a4 Re8 18. Ra3 Bg4 19. Bf3 Bxf3 20. Rxf3 Qe7 21. b3 Qe4 22. Rd3 Qg4 23. Qf4 Qxf4 24. Bxf4 b6 25. Kf1 a5 26. R3d2 f6 27. Re2 Kf7 28. g4 Ra7 29. Rde1 Rxe2 30. Rxe2 Rd7 31. Kg2 Be5 32. Bxe5 fxe5 33. Rxe5 Rd3 34. Re3 Rxe3 35. fxe3 g5 36. h4 h6 37. hxg5 hxg5 38. Kf3 Kf6 39. Ke4 Ke6 40. Kd3 Ke5 41. Kd2 1/2-1/2

[Event "58th Hastings it"]
[Site "Hastings ENG"]
[Date "1983.01.07"]
[Round "9"]
[White "Lein, Anatoly"]
[WhiteTitle "GM"]
[WhiteElo "2480"]
[Black "Littlewood, Paul Edwin"]
[BlackTitle "IM"]
[BlackElo "2465"]
[Result "1-0"]
[PlyCount "103"]
[EventDate "1982.12.28"]

1. d4 Nf6 2. Bg5 e6 3. Nd2 h6 4. Bxf6 Qxf6 5. c3 b6 6. a4 a5 7. Ngf3 Bb7 8. e3 g6 9. Bd3 Bg7 10. Qe2 O-O 11. O-O Qe7 12. Rfe1 d6 13. e4 Nd7 14. Nc4 Rad8 15. Qc2 e5 16. Rab1 f5 17. dxe5 dxe5 18. b4 Kh8 19. Ncd2 Qf6 20. h3 h5 21. h4 Bh6 22. Rbd1 Rg8 23. Nc4 g5 24. Ne3 g4 25. Ng5 f4 26. Nf5 Bxg5 27. hxg5 Qxg5 28. Bc4 Rgf8 29. Bd5 Bc8 30. Be6 Nf6 31. Rxd8 Rxd8 32. Bxc8 Rxc8 33. bxa5 bxa5 34. Qb3 Rf8 35. Qe6 Nxe4 36. Qxe5+ Nf6 37. Qc5 Rd8 38. Qxc7 Nd5 39. Qf7 Nxc3 40. Re8+ Rxe8 41. Qxe8+ Kh7 42. Qf7+ Kh8 43. Ne7 Qg7 44. Qe8+ Kh7 45. Qxh5+ Qh6 46. Qxg4 Qf6 47. Nf5 Ne2+ 48. Kh2 Qb2 49. Qh5+ Kg8 50. Qe8+ Kh7 51. Qf7+ Kh8 52. Nh4 1-0